Prefix Antonyms - Statistics

General Stats
  • This quiz has been taken 22 times
  • The average score is 8 of 20
Answer Stats
Prefix Antonym % Correct
Macro Micro
100%
Pre Post
95%
Pro Anti
89%
Over Under
68%
Hyper Hypo
63%
Endo Exo
53%
Homo Hetero
53%
Uni Multi
47%
On Off
47%
Supra Sup
47%
Mono Poly
42%
Super Sub
42%
Pyro Hydro
26%
Ab Ad
21%
Paleo Neo
21%
Fore Hind
11%
Ultra Infra
11%
Extra Intra
5%
Co Contra
0%
Omni Semi
0%
No matching quizzes found
Score Distribution
Percent of People with Each Score
Percentile by Number Answered
Your Score History
You have not taken this quiz